000 00661nam a2200277Ia 4500
005 20260324143518.0
008 008 260324s9999 xx 000 0 eng d
020 _a9781315807225
037 _aEBOOK
040 _aCRL
040 _beng
040 _cCRL
041 _2eng
041 _aeng
084 _qCRL
100 _aRobert F. Morrison; Jerome Adams
_91215904
245 0 _aContemporary Career Development Issues
260 _bTaylor and Francis
260 _c1991
365 _a
365 _b59.99
856 _uhttp://www.taylorfrancis.com/books/9781315807225
942 _cEBOOK
999 _c1821403
_d1821403